| 000 | 00433cam a2200181ua 4500 | ||
|---|---|---|---|
| 020 | _c2.00 | ||
| 041 |
_amal _h |
||
| 082 |
_a894.812809 _bKUT/CH |
||
| 100 | _aKuttikrishna, Marar . | ||
| 245 |
_aCharchayogam / _cKuttikrishna Marar. _hTextual Documents |
||
| 250 |
_a2 / _b. |
||
| 260 |
_aCalicut : _bP K Brothers , _c1952. |
||
| 300 | _a125 ; . | ||
| 365 | _a2.00 | ||
| 504 | _a | ||
| 942 | _cBK | ||
| 999 |
_c12804 _d12804 |
||